<?xml version="1.0" encoding="UTF-8"?>
<record
    xmlns:xsi="http://www.w3.org/2001/XMLSchema-instance"
    xsi:schemaLocation="http://www.loc.gov/MARC21/slim http://www.loc.gov/standards/marcxml/schema/MARC21slim.xsd"
    xmlns="http://www.loc.gov/MARC21/slim">

  <leader>02633cam a22003854a 4500</leader>
  <controlfield tag="001">14380172</controlfield>
  <controlfield tag="003">OSt</controlfield>
  <controlfield tag="005">20210414114204.0</controlfield>
  <controlfield tag="008">060517s2006    enka     b    001 0 eng  </controlfield>
  <datafield tag="010" ind1=" " ind2=" ">
    <subfield code="a">  2006016685</subfield>
  </datafield>
  <datafield tag="020" ind1=" " ind2=" ">
    <subfield code="a">0199285357 (pbk.)</subfield>
  </datafield>
  <datafield tag="020" ind1=" " ind2=" ">
    <subfield code="a">9780199285358 (pbk.)</subfield>
  </datafield>
  <datafield tag="035" ind1=" " ind2=" ">
    <subfield code="a">(OCoLC)ocm69028377</subfield>
  </datafield>
  <datafield tag="035" ind1=" " ind2=" ">
    <subfield code="a">(OCoLC)69028377</subfield>
  </datafield>
  <datafield tag="040" ind1=" " ind2=" ">
    <subfield code="a">DLC</subfield>
    <subfield code="c">DLC</subfield>
    <subfield code="d">BAKER</subfield>
    <subfield code="d">BWKUK</subfield>
    <subfield code="d">YDX</subfield>
    <subfield code="d">YDXCP</subfield>
    <subfield code="d">DLC</subfield>
  </datafield>
  <datafield tag="042" ind1=" " ind2=" ">
    <subfield code="a">pcc</subfield>
  </datafield>
  <datafield tag="043" ind1=" " ind2=" ">
    <subfield code="a">e-uk-en</subfield>
    <subfield code="a">e-uk-wl</subfield>
  </datafield>
  <datafield tag="050" ind1="0" ind2="0">
    <subfield code="a">KD1480.P43 </subfield>
  </datafield>
  <datafield tag="100" ind1="1" ind2=" ">
    <subfield code="a">Pearce, Robert A.</subfield>
  </datafield>
  <datafield tag="245" ind1="1" ind2="4">
    <subfield code="a">The Law of trusts and equitable obligations. /</subfield>
    <subfield code="c">Robert Pearce and John Stevens.</subfield>
  </datafield>
  <datafield tag="250" ind1=" " ind2=" ">
    <subfield code="a">4th ed.</subfield>
  </datafield>
  <datafield tag="260" ind1=" " ind2=" ">
    <subfield code="a">Oxford :</subfield>
    <subfield code="a">New York :</subfield>
    <subfield code="b">Oxford University Press,</subfield>
    <subfield code="c">2006.</subfield>
  </datafield>
  <datafield tag="300" ind1=" " ind2=" ">
    <subfield code="a">liv, 915 p. :</subfield>
    <subfield code="b">ill. ;</subfield>
    <subfield code="c">25 cm.</subfield>
  </datafield>
  <datafield tag="504" ind1=" " ind2=" ">
    <subfield code="a">Includes bibliographical references and index.</subfield>
  </datafield>
  <datafield tag="505" ind1="0" ind2=" ">
    <subfield code="a">Part I: Introductory: Historical introduction -- Equitable remedies in modern English law -- Equity and the law of property -- Equitable obligations : trusts and powers -- Equity and the management of property -- Part II: Creating the relationship: Substantive and formal requirements for the creation of express trusts -- Secret trusts -- Resulting trusts -- Constructive trusts -- Propriety estoppel -- Mutual wills -- Part III: Allocation of benefit: Introduction to allocation -- Defined interests -- Powers of advancement and maintenance -- Powers of appointment and redistribution -- Discretionary trusts -- Variation of beneficial interests -- Charities -- Winding up of funds -- Part IV: Asset management: Holding trusts and nominee holdings -- Management powers -- Investment and reinvestment -- Collective assets and investments -- Delegation by trustees -- Appointment, removal and retirement of trustees -- Accountability of trustees -- Part V: Checks and controls: Control of trusts and trustees -- Remedies against the trustee for breach of trust -- Fiduciary position of trustees -- Remedies against strangers to the trust -- Tracing.</subfield>
  </datafield>
  <datafield tag="650" ind1=" " ind2="0">
    <subfield code="a">Trusts and trustees</subfield>
    <subfield code="z">England.</subfield>
  </datafield>
  <datafield tag="650" ind1=" " ind2="0">
    <subfield code="a">Trusts and trustees</subfield>
    <subfield code="z">Wales.</subfield>
  </datafield>
  <datafield tag="700" ind1="1" ind2=" ">
    <subfield code="a">Stevens, John,</subfield>
    <subfield code="d">1968-</subfield>
  </datafield>
  <datafield tag="856" ind1="4" ind2="1">
    <subfield code="3">Table of contents only</subfield>
    <subfield code="u">http://www.loc.gov/catdir/toc/fy0706/2006016685.html</subfield>
  </datafield>
  <datafield tag="856" ind1="4" ind2="2">
    <subfield code="3">Contributor biographical information</subfield>
    <subfield code="u">http://www.loc.gov/catdir/enhancements/fy0724/2006016685-b.html</subfield>
  </datafield>
  <datafield tag="856" ind1="4" ind2="2">
    <subfield code="3">Publisher description</subfield>
    <subfield code="u">http://www.loc.gov/catdir/enhancements/fy0724/2006016685-d.html</subfield>
  </datafield>
  <datafield tag="906" ind1=" " ind2=" ">
    <subfield code="a">7</subfield>
    <subfield code="b">cbc</subfield>
    <subfield code="c">orignew</subfield>
    <subfield code="d">1</subfield>
    <subfield code="e">ecip</subfield>
    <subfield code="f">20</subfield>
    <subfield code="g">y-gencatlg</subfield>
  </datafield>
  <datafield tag="942" ind1=" " ind2=" ">
    <subfield code="2">lcc</subfield>
    <subfield code="c">BK</subfield>
  </datafield>
  <datafield tag="999" ind1=" " ind2=" ">
    <subfield code="c">2712</subfield>
    <subfield code="d">10212</subfield>
  </datafield>
  <datafield tag="952" ind1=" " ind2=" ">
    <subfield code="0">0</subfield>
    <subfield code="1">0</subfield>
    <subfield code="2">lcc</subfield>
    <subfield code="4">0</subfield>
    <subfield code="7">0</subfield>
    <subfield code="a">WIUC-1</subfield>
    <subfield code="b">WIUC-1</subfield>
    <subfield code="c">LL</subfield>
    <subfield code="d">2013-12-13</subfield>
    <subfield code="l">0</subfield>
    <subfield code="o">KD1480.P43</subfield>
    <subfield code="p">860/13</subfield>
    <subfield code="r">2013-12-13 00:00:00</subfield>
    <subfield code="t">1</subfield>
    <subfield code="w">2013-12-13</subfield>
    <subfield code="y">BK</subfield>
  </datafield>
  <datafield tag="952" ind1=" " ind2=" ">
    <subfield code="0">0</subfield>
    <subfield code="1">0</subfield>
    <subfield code="2">lcc</subfield>
    <subfield code="4">0</subfield>
    <subfield code="7">0</subfield>
    <subfield code="a">WIUC-1</subfield>
    <subfield code="b">WIUC-1</subfield>
    <subfield code="c">LL</subfield>
    <subfield code="d">2013-12-13</subfield>
    <subfield code="l">0</subfield>
    <subfield code="o">KD1480.P431</subfield>
    <subfield code="p">861/13</subfield>
    <subfield code="r">2013-12-13 00:00:00</subfield>
    <subfield code="t">2</subfield>
    <subfield code="w">2013-12-13</subfield>
    <subfield code="y">BK</subfield>
  </datafield>
  <datafield tag="952" ind1=" " ind2=" ">
    <subfield code="0">0</subfield>
    <subfield code="1">0</subfield>
    <subfield code="2">lcc</subfield>
    <subfield code="4">0</subfield>
    <subfield code="7">0</subfield>
    <subfield code="a">WIUC-1</subfield>
    <subfield code="b">WIUC-1</subfield>
    <subfield code="c">LL</subfield>
    <subfield code="d">2020-01-22</subfield>
    <subfield code="l">0</subfield>
    <subfield code="o">KD1480.P432</subfield>
    <subfield code="p">2724/028/20</subfield>
    <subfield code="r">2020-01-22 00:00:00</subfield>
    <subfield code="t">3</subfield>
    <subfield code="w">2020-01-22</subfield>
    <subfield code="y">BK</subfield>
  </datafield>
  <datafield tag="952" ind1=" " ind2=" ">
    <subfield code="0">0</subfield>
    <subfield code="1">0</subfield>
    <subfield code="2">lcc</subfield>
    <subfield code="4">0</subfield>
    <subfield code="7">0</subfield>
    <subfield code="a">WIUC-1</subfield>
    <subfield code="b">WIUC-1</subfield>
    <subfield code="c">LL</subfield>
    <subfield code="d">2020-01-22</subfield>
    <subfield code="l">0</subfield>
    <subfield code="o">KD1480.P433</subfield>
    <subfield code="p">2725/029/20</subfield>
    <subfield code="r">2020-01-22 00:00:00</subfield>
    <subfield code="t">4</subfield>
    <subfield code="w">2020-01-22</subfield>
    <subfield code="y">BK</subfield>
  </datafield>
  <datafield tag="952" ind1=" " ind2=" ">
    <subfield code="0">0</subfield>
    <subfield code="1">0</subfield>
    <subfield code="2">lcc</subfield>
    <subfield code="4">0</subfield>
    <subfield code="7">0</subfield>
    <subfield code="a">WIUC-KL</subfield>
    <subfield code="b">WIUC-KL</subfield>
    <subfield code="c">LL</subfield>
    <subfield code="d">2023-07-07</subfield>
    <subfield code="o">KD1480.P43(4e)</subfield>
    <subfield code="p">KSL/1940/203/23</subfield>
    <subfield code="r">2023-06-26 00:00:00</subfield>
    <subfield code="t">1</subfield>
    <subfield code="y">BK</subfield>
  </datafield>
  <datafield tag="952" ind1=" " ind2=" ">
    <subfield code="0">0</subfield>
    <subfield code="1">0</subfield>
    <subfield code="2">lcc</subfield>
    <subfield code="4">0</subfield>
    <subfield code="7">0</subfield>
    <subfield code="a">WIUC-KL</subfield>
    <subfield code="b">WIUC-KL</subfield>
    <subfield code="c">LL</subfield>
    <subfield code="d">2023-07-07</subfield>
    <subfield code="l">0</subfield>
    <subfield code="o">KD1480.P431(4e)</subfield>
    <subfield code="p">KSL/2443/645/23</subfield>
    <subfield code="r">2023-07-07 00:00:00</subfield>
    <subfield code="t">2</subfield>
    <subfield code="w">2013-12-13</subfield>
    <subfield code="y">BK</subfield>
  </datafield>
  <datafield tag="952" ind1=" " ind2=" ">
    <subfield code="0">0</subfield>
    <subfield code="1">0</subfield>
    <subfield code="2">lcc</subfield>
    <subfield code="4">0</subfield>
    <subfield code="7">0</subfield>
    <subfield code="a">WIUC-KL</subfield>
    <subfield code="b">WIUC-KL</subfield>
    <subfield code="c">LL</subfield>
    <subfield code="d">2023-07-07</subfield>
    <subfield code="o">KD1480.P432(4e)</subfield>
    <subfield code="p">KSL/2444/646/23</subfield>
    <subfield code="r">2023-07-07 00:00:00</subfield>
    <subfield code="t">3</subfield>
    <subfield code="y">BK</subfield>
  </datafield>
  <datafield tag="952" ind1=" " ind2=" ">
    <subfield code="0">0</subfield>
    <subfield code="1">0</subfield>
    <subfield code="2">lcc</subfield>
    <subfield code="4">0</subfield>
    <subfield code="7">0</subfield>
    <subfield code="a">WIUC-KL</subfield>
    <subfield code="b">WIUC-KL</subfield>
    <subfield code="c">LL</subfield>
    <subfield code="d">2023-07-07</subfield>
    <subfield code="o">KD1480.P433(4e)</subfield>
    <subfield code="p">KSL/2442/644/23</subfield>
    <subfield code="r">2023-07-11 00:00:00</subfield>
    <subfield code="t">4</subfield>
    <subfield code="w">2013-12-13</subfield>
    <subfield code="y">BK</subfield>
  </datafield>
</record>
